[Event "Subcarpathian-chT"]
[Site "Bystre"]
[Date "2021.06.13"]
[Round "8.28"]
[White "Nowicki, Andrzej"]
[Black "Gaj, Szymon"]
[Result "0-1"]
[WhiteElo "1837"]
[BlackElo "1838"]
[PlyCount "102"]
[EventDate "2021.06.09"]
[EventType "team-tourn"]
[EventRounds "9"]
[EventCountry "POL"]
[SourceTitle "EXT 2022"]
[Source "ChessBase"]
[SourceDate "2021.10.06"]
[SourceVersion "1"]
[SourceVersionDate "2021.10.06"]
[SourceQuality "1"]

1. e4 c5 2. Nf3 d6 3. d3 g6 4. g3 Bg7 5. Bg2 e6 6. Nbd2 Ne7 7. 0-0 Nbc6 8. c3 0-0 9. Qc2 b5 10. Rd1 b4 11. Rb1 Rb8 12. Nb3 a5 13. c4 a4 14. Na1 e5 15. b3 Bg4 16. Be3 f5 17. h3 fxe4 18. hxg4 exf3 19. Bh3 Qd7 20. Kh2 Kf7 21. bxa4 Rh8 22. Nb3 h5 23. g5 Nf5 24. d4 cxd4 25. Qe4 Nce7 26. Qxf3 dxe3 27. fxe3 e4 28. Qxe4 Qb7 29. Qxb7 Rxb7 30. e4 Ne3 31. Rxd6 Be5 32. Be6+ Kg7 33. Rd3 Rb6 34. Nc5 h4 35. Rxe3 hxg3+ 36. Kg2 Rh2+ 37. Kf3 Rf2+ 38. Kg4 g2 39. Ree1 Bd4 40. a5 Rc6 41. Nb3 Be5 42. Nc1 Bc3 43. Rg1 Rxe6 44. Kg3 Rf1 45. Ne2 Rxb1 46. Rxb1 Rxe4 47. Nxc3 bxc3 48. a6 Re2 49. a7 Rxa2 50. a8Q Rxa8 51. Kxg2 Rc8 0-1

[Event "Subcarpathian-chT"]
[Site "Bystre"]
[Date "2021.06.11"]
[Round "5.17"]
[White "Nowicki, Andrzej"]
[Black "Klok, Kacper"]
[Result "1/2-1/2"]
[WhiteElo "1837"]
[BlackElo "1489"]
[PlyCount "27"]
[EventDate "2021.06.09"]
[EventType "team-tourn"]
[EventRounds "9"]
[EventCountry "POL"]
[SourceTitle "EXT 2022"]
[Source "ChessBase"]
[SourceDate "2021.10.06"]
[SourceVersion "1"]
[SourceVersionDate "2021.10.06"]
[SourceQuality "1"]

1. e4 c5 2. Nf3 Nc6 3. d3 d6 4. g3 Nf6 5. Bg2 g6 6. 0-0 Bg7 7. h3 h5 8. c3 Bd7 9. h4 Bg4 10. Qc2 e5 11. Bg5 Qd7 12. Nbd2 Nh7 13. Be3 0-0-0 14. Nh2 1/2-1/2

[Event "Subcarpathian-chT"]
[Site "Bystre"]
[Date "2021.06.09"]
[Round "1.29"]
[White "Nowicki, Andrzej"]
[Black "Borukalo, Zdzislaw"]
[Result "1/2-1/2"]
[WhiteElo "1837"]
[BlackElo "1614"]
[PlyCount "150"]
[EventDate "2021.06.09"]
[EventType "team-tourn"]
[EventRounds "9"]
[EventCountry "POL"]
[SourceTitle "EXT 2022"]
[Source "ChessBase"]
[SourceDate "2021.10.06"]
[SourceVersion "1"]
[SourceVersionDate "2021.10.06"]
[SourceQuality "1"]

1. e4 c5 2. Nf3 Nc6 3. d3 g6 4. g3 Bg7 5. Bg2 e6 6. c3 Nge7 7. h4 d5 8. Nbd2 h5 9. 0-0 0-0 10. Re1 d4 11. c4 e5 12. Ng5 Qd6 13. Nf1 f6 14. Nh3 Be6 15. Kh2 Kf7 16. f3 Ke8 17. Nf2 Kd7 18. a3 a5 19. Bd2 Rh8 20. Qb3 Kc7 21. Bh3 Bh6 22. Bxh6 Rxh6 23. Qd1 g5 24. Qd2 Rg6 25. Bxe6 Qxe6 26. hxg5 fxg5 27. Nh3 g4 28. Ng1 gxf3 29. Nxf3 Rag8 30. Qf2 Rf6 31. N1d2 Qg4 32. Qg2 Rfg6 33. Rg1 Rf6 34. Raf1 Rgf8 35. Nh4 Nd8 36. Rxf6 Rxf6 37. Rf1 Qg7 38. Rxf6 Qxf6 39. Qf3 Qg5 40. Qe2 Nf7 41. Ndf3 Qf6 42. Qd2 b6 43. b4 axb4 44. axb4 Qh6 45. Qxh6 Nxh6 46. bxc5 Ng4+ 47. Kg1 bxc5 48. Kf1 Kd6 49. Ng5 Nf6 50. Ke2 Nfg8 51. Nhf3 Nh6 52. Ke1 Ng6 53. Kf2 Ng4+ 54. Ke2 Nf6 55. Nf7+ Ke6 56. N3g5+ Ke7 57. Nh6 Ng4 58. Nf5+ Kd7 59. Nh7 Kd8 60. Ng7 h4 61. gxh4 Nxh4 62. Ne6+ Ke7 63. Nxc5 Ng2 64. Ng5 Nf4+ 65. Kf3 Nh2+ 66. Kg3 Nf1+ 67. Kf2 Ne3 68. Nf3 Kd6 69. Nb7+ Kc7 70. Na5 Nxd3+ 71. Ke2 Nf4+ 72. Kd2 Kb6 73. Nxe5 Kxa5 74. Nc6+ Kb6 75. Nxd4 Nxc4+ 1/2-1/2

[Event "POL-chT3 Podkarpackie"]
[Site "Czudec"]
[Date "2016.05.29"]
[Round "4.5"]
[White "Nowicki, Andrzej"]
[Black "Babiarz, Arkadiusz"]
[Result "1-0"]
[WhiteElo "1845"]
[BlackElo "1656"]
[PlyCount "67"]
[EventDate "2016.05.27"]
[EventType "team-tourn"]
[EventRounds "9"]
[EventCountry "POL"]
[SourceTitle "EXT 2018"]
[Source "ChessBase"]
[SourceDate "2017.10.13"]
[SourceVersion "1"]
[SourceVersionDate "2017.10.13"]
[SourceQuality "1"]
[WhiteTeam "Tarnobrzeg"]
[BlackTeam "Rzeszow RzKSz"]
[WhiteTeamCountry "POL"]
[BlackTeamCountry "POL"]

1. e4 c5 2. Nc3 e6 3. g3 d5 4. d3 Nc6 5. Bg2 Nf6 6. Nge2 d4 7. Nb1 e5 8. 0-0 Rb8 9. f4 Bd6 10. h3 h5 11. f5 Be7 12. Bf3 h4 13. g4 Nh7 14. Nd2 b5 15. b3 Bg5 16. Bg2 Be3+ 17. Kh1 Na5 18. a4 a6 19. axb5 axb5 20. Qe1 Ra8 21. Nf3 Bxc1 22. Nxc1 Bb7 23. Nxe5 Qc7 24. Nf3 Nf6 25. b4 Nc6 26. Rxa8+ Bxa8 27. bxc5 Qf4 28. Ne2 Qe3 29. Nexd4 Qf4 30. Nxc6 Bxc6 31. Nd4 Qc7 32. Nxc6 Qxc6 33. e5 Nd5 34. c4 1-0

[Event "POL-chT3 Podkarpackie"]
[Site "Czudec"]
[Date "2016.05.28"]
[Round "3.5"]
[White "Kucharski, Bartlomiej"]
[Black "Nowicki, Andrzej"]
[Result "0-1"]
[WhiteElo "1667"]
[BlackElo "1845"]
[PlyCount "88"]
[EventDate "2016.05.27"]
[EventType "team-tourn"]
[EventRounds "9"]
[EventCountry "POL"]
[SourceTitle "EXT 2018"]
[Source "ChessBase"]
[SourceDate "2017.10.13"]
[SourceVersion "1"]
[SourceVersionDate "2017.10.13"]
[SourceQuality "1"]
[WhiteTeam "Czarna LKSz GCKiP II"]
[BlackTeam "Tarnobrzeg"]
[WhiteTeamCountry "POL"]
[BlackTeamCountry "POL"]

1. e4 e5 2. Nf3 Nf6 3. Nc3 Bb4 4. Bc4 d6 5. h3 0-0 6. d3 Nc6 7. 0-0 Bxc3 8. bxc3 d5 9. Bb5 Ne7 10. Nxe5 c6 11. Ba4 Qa5 12. Bb3 Qxc3 13. Bf4 Be6 14. f3 Qd4+ 15. Kh1 Nh5 16. Bh2 f5 17. f4 g6 18. Qe1 a5 19. c3 Qb6 20. Rb1 Qc7 21. Qh4 Ng7 22. a4 dxe4 23. dxe4 Bxb3 24. Rxb3 Ne6 25. exf5 Nxf5 26. Qf2 b5 27. axb5 cxb5 28. Rxb5 Qxc3 29. Qa2 Ra6 30. Nd7 Qd3 31. Nxf8 Qxf1+ 32. Bg1 Kxf8 33. Qa3+ Kg7 34. Rb7+ Kh6 35. g4 Qxf4 36. gxf5 Qe4+ 37. Kh2 Qxb7 38. f6 Qb8+ 39. Kh1 Qe5 40. Be3+ g5 41. f7 Qf5 42. Qe7 Qxh3+ 43. Kg1 Qxe3+ 44. Kg2 Nf4+ 0-1

[Event "POL-chT3 Podkarpackie"]
[Site "Pstragowa"]
[Date "2014.05.02"]
[Round "5.10"]
[White "Nowicki, Andrzej"]
[Black "Skiba, Krzysztof"]
[Result "1-0"]
[WhiteElo "1839"]
[BlackElo "1565"]
[PlyCount "87"]
[EventDate "2014.04.30"]
[EventType "team-tourn"]
[EventRounds "9"]
[EventCountry "POL"]
[SourceTitle "EXT 2015"]
[Source "ChessBase"]
[SourceDate "2014.11.20"]
[SourceVersion "1"]
[SourceVersionDate "2014.11.20"]
[SourceQuality "1"]
[WhiteTeam "Tarnobrzeg"]
[BlackTeam "Sedziszow Malopolski"]
[WhiteTeamCountry "POL"]
[BlackTeamCountry "POL"]

1. e4 e6 2. d3 d5 3. Nd2 c5 4. g3 Nc6 5. Bg2 Nf6 6. Ngf3 Be7 7. 0-0 dxe4 8. dxe4 0-0 9. c3 b6 10. Qe2 Bb7 11. Nc4 Qc7 12. Bf4 Qc8 13. Rfd1 Rd8 14. Rd2 Rxd2 15. Nfxd2 Qd7 16. Re1 Rd8 17. Bf1 b5 18. Na3 a6 19. Qf3 Bd6 20. Nab1 Ne5 21. Bxe5 Bxe5 22. Qe2 Bc7 23. h4 c4 24. Kh2 h5 25. f3 Bb6 26. Qg2 e5 27. Be2 Qe7 28. Nf1 a5 29. Rd1 Rxd1 30. Bxd1 Qd6 31. Bc2 Qd8 32. Na3 Bc6 33. Qd2 Qxd2+ 34. Nxd2 Be3 35. Ndxc4 bxc4 36. Nxc4 Bc1 37. b3 Nd7 38. Nxa5 Ba8 39. Nc4 g5 40. hxg5 Bxg5 41. b4 Be7 42. a4 f6 43. a5 Bb7 44. Ba4 1-0

[Event "POL-chT3 Podkarpackie"]
[Site "Pstragowa"]
[Date "2014.05.01"]
[Round "3.4"]
[White "Zaskalski, Pawel"]
[Black "Nowicki, Andrzej"]
[Result "1-0"]
[WhiteElo "2153"]
[BlackElo "1839"]
[PlyCount "71"]
[EventDate "2014.04.30"]
[EventType "team-tourn"]
[EventRounds "9"]
[EventCountry "POL"]
[SourceTitle "EXT 2015"]
[Source "ChessBase"]
[SourceDate "2014.11.20"]
[SourceVersion "1"]
[SourceVersionDate "2014.11.20"]
[SourceQuality "1"]
[WhiteTeam "Mielec"]
[BlackTeam "Tarnobrzeg"]
[WhiteTeamCountry "POL"]
[BlackTeamCountry "POL"]

1. d4 Nf6 2. c4 e5 3. dxe5 Ng4 4. Bf4 Bb4+ 5. Nd2 Nc6 6. Ngf3 Qe7 7. e3 Ngxe5 8. Nxe5 Nxe5 9. Bd3 0-0 10. 0-0 Bxd2 11. Qxd2 d6 12. b4 Be6 13. c5 Rfd8 14. Qc3 f6 15. Rfd1 Bf7 16. cxd6 cxd6 17. Qd4 d5 18. b5 b6 19. a4 Rac8 20. a5 Rc5 21. axb6 axb6 22. Ra6 Qe6 23. h3 Be8 24. Qxc5 bxc5 25. Rxe6 Kf7 26. Ra6 Ke7 27. Bxe5 fxe5 28. b6 Bc6 29. Ra7+ Kd6 30. Rxg7 Rb8 31. b7 Rxb7 32. Rxb7 Bxb7 33. g4 Bc8 34. h4 Kc6 35. h5 c4 36. Rc1 1-0

[Event "Lublin op 4th"]
[Site "Lublin"]
[Date "2012.??.??"]
[Round "4"]
[White "Nowicki, Andrzej"]
[Black "Winiarski, Mikolaj"]
[Result "0-1"]
[WhiteElo "1820"]
[BlackElo "1955"]
[PlyCount "106"]
[EventDate "2012.06.04"]
[EventType "swiss"]
[EventRounds "9"]
[EventCountry "POL"]
[SourceTitle "EXT 2014"]
[Source "ChessBase"]
[SourceDate "2013.11.20"]
[SourceVersion "1"]
[SourceVersionDate "2013.11.20"]
[SourceQuality "1"]

1. e4 c5 2. Nc3 d6 3. g3 g6 4. Bg2 Bg7 5. d3 Nc6 6. Nge2 e6 7. 0-0 Nge7 8. Bg5 f6 9. Be3 e5 10. Qd2 Be6 11. h3 Qd7 12. Kh2 0-0-0 13. Nd5 Bxd5 14. exd5 Nb4 15. c4 Nf5 16. a3 Na6 17. b4 Nxe3 18. fxe3 f5 19. b5 Nb8 20. Rab1 Qe7 21. e4 Rdf8 22. Ng1 h5 23. h4 Bh6 24. Qe2 f4 25. Bh3+ Nd7 26. Nf3 Kd8 27. Bxd7 Kxd7 28. b6 a6 29. Rh1 Kd8 30. Rbf1 Qd7 31. Ne1 Rf7 32. Rhg1 fxg3+ 33. Kxg3 Bf4+ 34. Kg2 Qg4+ 35. Qxg4 hxg4 36. Rh1 Rfh7 37. d4 cxd4 38. Nd3 g5 39. hxg5 Rxh1 40. Rxh1 Rxh1 41. Kxh1 Bxg5 42. c5 dxc5 43. Nxc5 Kc8 44. Kg2 Be7 45. Nd3 Bxa3 46. Nxe5 Bc5 47. Nc4 d3 48. Kg3 a5 49. Kxg4 a4 50. Kf3 a3 51. Nxa3 Bxa3 52. Ke3 d2 53. Kxd2 Kd7 0-1

[Event "Lublin op 4th"]
[Site "Lublin"]
[Date "2012.??.??"]
[Round "3"]
[White "Polkowski, Piotr"]
[Black "Nowicki, Andrzej"]
[Result "1-0"]
[WhiteElo "2165"]
[BlackElo "1820"]
[PlyCount "83"]
[EventDate "2012.06.04"]
[EventType "swiss"]
[EventRounds "9"]
[EventCountry "POL"]
[SourceTitle "EXT 2014"]
[Source "ChessBase"]
[SourceDate "2013.11.20"]
[SourceVersion "1"]
[SourceVersionDate "2013.11.20"]
[SourceQuality "1"]

1. e4 e5 2. Nc3 Nc6 3. Bc4 Bc5 4. d3 d6 5. Nf3 h6 6. Be3 Nf6 7. h3 0-0 8. 0-0 Re8 9. Nh2 Na5 10. Bb3 Nxb3 11. axb3 Be6 12. Bxc5 dxc5 13. f4 exf4 14. Rxf4 Qd4+ 15. Rf2 c6 16. Qe2 b5 17. Nf3 Qd7 18. e5 Bd5 19. Qe3 Qe7 20. Qf4 Qc7 21. Nxd5 Nxd5 22. Qg4 Re6 23. c3 Rae8 24. d4 Rg6 25. Qe4 cxd4 26. cxd4 Rge6 27. Rc2 Rd8 28. Nh4 g6 29. Nf3 Kg7 30. Kh1 Rd7 31. h4 Qd8 32. Rac1 Nb4 33. Rc5 Rd5 34. h5 f5 35. exf6+ Qxf6 36. Ne5 Rxc5 37. Rxc5 Qg5 38. hxg6 Qh5+ 39. Kg1 Qd1+ 40. Kh2 Qxb3 41. Qf5 Rd6 42. d5 1-0

[Event "IECC KO-5051"]
[Site "IECC email"]
[Date "2006.01.04"]
[Round "?"]
[White "Nowicki, Andrzej"]
[Black "Putman, Marcel"]
[Result "1/2-1/2"]
[WhiteElo "1767"]
[BlackElo "1311"]
[PlyCount "54"]
[EventDate "2006.??.??"]
[EventType "match (corr)"]
[EventRounds "2"]
[SourceTitle "Corr 2020"]
[Source "ChessBase"]
[SourceDate "2019.09.30"]
[SourceVersion "1"]
[SourceVersionDate "2019.09.30"]
[SourceQuality "1"]
[WhiteTeam "Poland"]
[BlackTeam "France"]
[WhiteTeamCountry "POL"]
[BlackTeamCountry "FRA"]

1. e4 e5 2. Nc3 Nf6 3. Bc4 Nc6 4. d3 Na5 5. Nge2 c6 6. Bg5 Be7 7. 0-0 h6 8. Bh4 Nxc4 9. dxc4 d6 10. Qd3 g5 11. Bg3 h5 12. f3 h4 13. Bf2 g4 14. f4 g3 15. hxg3 h3 16. gxh3 Bxh3 17. Rfd1 Qc7 18. b4 Bg4 19. f5 0-0-0 20. Qe3 b6 21. a4 d5 22. cxd5 Bxb4 23. a5 Bc5 24. axb6 Bxb6 25. Qd3 Bxf2+ 26. Kxf2 Qb6+ 27. Ke1 Bxe2 1/2-1/2

[Event "IECC Swiss-505.1"]
[Site "IECC email"]
[Date "2005.12.17"]
[Round "?"]
[White "Kulkarni, Samir"]
[Black "Nowicki, Andrzej"]
[Result "1-0"]
[WhiteElo "1167"]
[BlackElo "1798"]
[PlyCount "61"]
[EventDate "2005.??.??"]
[EventType "swiss (corr)"]
[EventRounds "1"]
[SourceTitle "Corr 2020"]
[Source "ChessBase"]
[SourceDate "2019.09.30"]
[SourceVersion "1"]
[SourceVersionDate "2019.09.30"]
[SourceQuality "1"]
[WhiteTeam "India"]
[BlackTeam "Poland"]
[WhiteTeamCountry "IND"]
[BlackTeamCountry "POL"]

1. e4 e5 2. Nf3 Nc6 3. Bc4 Nf6 4. Ng5 d5 5. exd5 b5 6. dxc6 bxc4 7. Qe2 h6 8. Qxe5+ Be7 9. Ne4 0-0 10. 0-0 Ng4 11. Qb5 Be6 12. h3 Rb8 13. Qa5 Qd4 14. Qxc7 Qxe4 15. Qxe7 Ne5 16. Nc3 Qg6 17. Qd6 Nf3+ 18. Kh1 Ng5 19. d4 cxd3 20. cxd3 Rbd8 21. Qc5 Rxd3 22. Bxg5 Bxh3 23. Rfd1 hxg5 24. Rxd3 Qxd3 25. Rd1 Qh7 26. gxh3 Qxh3+ 27. Kg1 Qg4+ 28. Kf1 Qh3+ 29. Ke1 Re8+ 30. Kd2 Qh6 31. c7 1-0

[Event "IECC CL4-2005.13 email"]
[Site "IECC email"]
[Date "2005.12.08"]
[Round "?"]
[White "Ralls, Richard Nelson"]
[Black "Nowicki, Andrzej"]
[Result "1-0"]
[WhiteElo "1914"]
[BlackElo "1724"]
[PlyCount "85"]
[EventDate "2005.??.??"]
[EventType "tourn (corr)"]
[EventRounds "4"]
[SourceTitle "Corr 2015"]
[Source "ChessBase"]
[SourceDate "2015.07.17"]
[SourceVersion "1"]
[SourceVersionDate "2015.07.17"]
[SourceQuality "1"]

1. e4 e5 2. Nf3 Nc6 3. Bb5 a6 4. Ba4 Nf6 5. 0-0 d6 6. Bxc6+ bxc6 7. d4 Nxe4 8. dxe5 d5 9. Nbd2 Nc5 10. Nd4 Qd7 11. N2f3 Ne6 12. Nf5 c5 13. Qd3 c4 14. Qe2 c5 15. b3 c3 16. Qd3 d4 17. Re1 h5 18. Bg5 Nxg5 19. Nd6+ Bxd6 20. exd6+ Ne6 21. Rxe6+ Qxe6 22. Re1 Qxe1+ 23. Nxe1 0-0 24. h3 g6 25. Qc4 Bf5 26. g4 hxg4 27. hxg4 Bxg4 28. Qxc5 Rae8 29. Nd3 Re2 30. Qxd4 Rxc2 31. Qxg4 Rd2 32. Qc4 c2 33. Ne1 Rd1 34. Qxc2 Rxe1+ 35. Kg2 Re5 36. d7 Rd5 37. Qc7 Rd1 38. b4 f5 39. a4 f4 40. b5 f3+ 41. Kg3 axb5 42. axb5 Rg1+ 43. Kh2 1-0

[Event "IECC Swiss email"]
[Site "IECC email"]
[Date "2002.05.12"]
[Round "?"]
[White "Nowicki, Andrzej"]
[Black "Wey, Geoffrey"]
[Result "0-1"]
[WhiteElo "1858"]
[BlackElo "1288"]
[PlyCount "58"]
[EventDate "2002.??.??"]
[EventType "tourn (corr)"]
[EventRounds "6"]
[SourceTitle "Corr 2008"]
[Source "ChessBase"]
[SourceDate "2008.06.24"]
[SourceVersion "1"]
[SourceVersionDate "2008.06.24"]
[SourceQuality "1"]

1. e4 e6 2. d3 c5 3. g3 Nc6 4. Bg2 g6 5. Nc3 Bg7 6. Nge2 Nf6 7. 0-0 0-0 8. Be3 d6 9. Qd2 Rb8 10. Bh6 b5 11. Bxg7 Kxg7 12. f4 Bd7 13. a4 a6 14. e5 dxe5 15. axb5 axb5 16. Bxc6 Bxc6 17. fxe5 Nd5 18. Ne4 Qc7 19. Nxc5 Qxe5 20. Nc3 b4 21. N3e4 Qd4+ 22. Qf2 Qxf2+ 23. Rxf2 Ra8 24. Raf1 Ne3 25. Re1 Bxe4 26. Nxe4 Nf5 27. g4 Nd4 28. c3 bxc3 29. bxc3 Nc6 0-1

[Event "IECC Swiss email"]
[Site "IECC email"]
[Date "2000.08.10"]
[Round "?"]
[White "Richard, Andy"]
[Black "Nowicki, Andrzej"]
[Result "1/2-1/2"]
[WhiteElo "1323"]
[BlackElo "1898"]
[PlyCount "61"]
[EventDate "2000.??.??"]
[EventType "tourn (corr)"]
[EventRounds "6"]
[SourceTitle "Corr 2008"]
[Source "ChessBase"]
[SourceDate "2008.06.24"]
[SourceVersion "1"]
[SourceVersionDate "2008.06.24"]
[SourceQuality "1"]

1. e4 e5 2. Nf3 Nc6 3. Bb5 a6 4. Ba4 Nf6 5. 0-0 Be7 6. Re1 b5 7. Bb3 d6 8. c3 0-0 9. h3 Be6 10. d4 Bxb3 11. axb3 exd4 12. cxd4 d5 13. e5 Nd7 14. Nc3 Nb6 15. Ne2 Qd7 16. Ng3 a5 17. Bg5 Bb4 18. Re2 h6 19. Bd2 Rfe8 20. Bc3 Bxc3 21. bxc3 a4 22. b4 Nd8 23. Nd2 Ne6 24. Re3 Qe7 25. Qe2 c6 26. Nf5 Qc7 27. Rg3 Kh7 28. Qh5 Rg8 29. Rg4 Qd8 30. Qxf7 Qe8 31. Qxe8 1/2-1/2

[Event "IECC Swiss email"]
[Site "IECC email"]
[Date "2000.06.27"]
[Round "?"]
[White "Sani, Valentino"]
[Black "Nowicki, Andrzej"]
[Result "1/2-1/2"]
[WhiteElo "1864"]
[BlackElo "1862"]
[PlyCount "62"]
[EventDate "2000.??.??"]
[EventType "tourn (corr)"]
[EventRounds "6"]
[SourceTitle "Corr 2008"]
[Source "ChessBase"]
[SourceDate "2008.06.24"]
[SourceVersion "1"]
[SourceVersionDate "2008.06.24"]
[SourceQuality "1"]

1. e4 e5 2. f4 Nc6 3. Nf3 f5 4. exf5 e4 5. Ne5 Nf6 6. d3 Qe7 7. d4 d6 8. Nc3 dxe5 9. fxe5 Nxe5 10. dxe5 Qxe5 11. Bg5 Bxf5 12. Bc4 Bb4 13. Bxf6 gxf6 14. 0-0 Bg6 15. Qd5 Bxc3 16. bxc3 Qxd5 17. Bxd5 c6 18. Bxe4 Kf7 19. Bd3 Rhe8 20. Rf2 Rad8 21. Rd2 Be4 22. Rad1 f5 23. Kf2 Kf6 24. g3 Re5 25. Bxe4 Rxd2+ 26. Rxd2 Rxe4 27. Rd7 Ra4 28. Rxb7 Rxa2 29. Rxh7 Kg6 30. Rc7 Rxc2+ 31. Kg1 Rc1+ 1/2-1/2

[Event "IECC Swiss email"]
[Site "IECC email"]
[Date "2000.06.23"]
[Round "?"]
[White "Dobrin, Doron"]
[Black "Nowicki, Andrzej"]
[Result "1/2-1/2"]
[WhiteElo "1838"]
[BlackElo "1867"]
[PlyCount "77"]
[EventDate "2000.??.??"]
[EventType "tourn (corr)"]
[EventRounds "6"]
[SourceTitle "Corr 2008"]
[Source "ChessBase"]
[SourceDate "2008.06.24"]
[SourceVersion "1"]
[SourceVersionDate "2008.06.24"]
[SourceQuality "1"]

1. e4 c5 2. Nf3 d6 3. d4 cxd4 4. Nxd4 Nf6 5. Nc3 a6 6. Bg5 Nc6 7. Qd2 e6 8. 0-0-0 Bd7 9. f4 h6 10. Bh4 g5 11. fxg5 Ng4 12. Nxc6 Bxc6 13. Be2 Ne5 14. g3 Ng6 15. Kb1 b5 16. Bf3 Rc8 17. Ne2 Bb7 18. Nd4 Rc5 19. gxh6 Nxh4 20. gxh4 Qxh4 21. Nb3 Rc8 22. Qd3 Rxh6 23. Rdg1 Qf6 24. Rg8 Rh8 25. Rxh8 Qxh8 26. h4 Qe5 27. Na5 Ba8 28. Rf1 Bg7 29. c3 Ke7 30. a3 Rf8 31. Qe3 Qc5 32. Qxc5 dxc5 33. Nb3 Rc8 34. h5 c4 35. Nd4 Rh8 36. Kc2 Be5 37. Kd2 Bf4+ 38. Ke2 Kf6 39. Re1 1/2-1/2